000 00416 a2200169 4500
001 188174
020 _a85-356-1679-9
040 _cMagnum
100 _aOliveira, José Fernandes de
240 1 0 _aAdolescentes: em busca de um porquê
_lpor
245 1 0 _aAdolescentes: em busca de um porquê
300 _a206
362 0 _a2006
440 1 _aPaulinas
697 _aFILOSOFIA E DISCIPLINAS AFINS
942 _cBK
999 _c188174
_d188174